000 00249nam a2200097Ia 4500
001 719478
005 20250826163043.0
008 250824s9999 xx 000 0 und d
245 0 _aBİLLUR KALP
_cHÜSEYİN RAHMİ GÜRPINAR
260 _bEVEREST YAYINLARI
999 _c719478
_d719478